| 000 | 00724nam a2200181 a 4500 | ||
|---|---|---|---|
| 008 | 200710s2017 ||||||||||||||||| || u | ||
| 020 | _a9781108722087 | ||
| 050 | _aK 3850 Cam | ||
| 100 | _aBlair, Roger D | ||
| 245 | 1 | 4 |
_aThe Cambridge handbook of antitrust, intellectual property, and high tech _cEdited by Roger D. Blair and D. Daniel Sokol |
| 260 |
_aCambridge _bCambridge University Press _c2017 |
||
| 300 | _axvii, 518 pages | ||
| 650 | 2 | _aINTELLECTUAL PROPERTY | |
| 650 | _aANTITRUST LAW | ||
| 650 | _aHIGH TECHNOLOGY | ||
| 700 | _aSokol, D. Daniel | ||
| 995 |
_D49.18 _FCBU-MAIN LIBRARY (Kitwe) _M1 _UAVAILABLE _WJul 13, 2020 _ZMain Library Open Access Collection |
||
| 999 |
_c36636 _d36636 |
||